| 000 | 00737cam a22002531 4500 | ||
|---|---|---|---|
| 001 | 12133 | ||
| 003 | BD-RjUL | ||
| 005 | 20211208235236.0 | ||
| 008 | 140128s1965 maua b 001 0 eng | ||
| 035 | _a(BD-RjUL)12182 | ||
| 040 |
_aDLC _cDLC _dDLC _dBD-RjUL _beng |
||
| 041 | _aeng | ||
| 082 | 0 | 0 |
_a591.51 _bCAW 1965 |
| 100 | 1 |
_aCarrighar, Sally. _937575 |
|
| 245 | 1 | 0 |
_aWild heritage / _cWith illus. by Rachel S. Horne. |
| 260 |
_aBoston : _bHoughton Mifflin, _cc1965. |
||
| 300 |
_aix, 276 p. : _billus. ; _c22 cm. |
||
| 504 | _aIncludes bibliography (p. [241]-260) and index. | ||
| 650 | 0 |
_aAnimal behavior. _95684 |
|
| 650 | 0 |
_aPsychology, Comparative. _95510 |
|
| 942 |
_2ddc _cBK |
||
| 999 |
_c12133 _d12133 |
||